Normal view MARC view
  • MS-Material Engineering

Entry Topical Term

Number of records used in: 6

001 - CONTROL NUMBER

  • control field: 129457

003 - CONTROL NUMBER IDENTIFIER

  • control field: NUST

005 - DATE AND TIME OF LATEST TRANSACTION

  • control field: 20250708121502.0

008 - FIXED-LENGTH DATA ELEMENTS

  • fixed length control field: 250708|| aca||aabn | a|a d

040 ## - CATALOGING SOURCE

  • Original cataloging agency: NUST
  • Transcribing agency: NUST

150 ## - HEADING--TOPICAL TERM

  • Topical term or geographic name entry element: MS-Material Engineering

670 ## - SOURCE DATA FOUND

  • Source citation: Work cat.: (NUST)534434: Soomro, Sumair Ahmad 28571, Synthesis and Characterization of Nickel Ferrite / MWCNTs Nanohybrid with Increasing Effect of MWCNTs Weight Percent / , 2016.
© 2023 Central Library, National University of Sciences and Technology. All Rights Reserved.